Teaching guide for Senior High School: (Record no. 362189)
[ view plain ]
| 000 -LEADER | |
|---|---|
| fixed length control field | 00581nam a2200121Ia 4500 |
| 008 - FIXED-LENGTH DATA ELEMENTS--GENERAL INFORMATION | |
| fixed length control field | 190925s9999 xx 000 0 und d |
| 100 ## - MAIN ENTRY--PERSONAL NAME | |
| Personal name | Verzosa, Debbie Marie B. |
| 245 ## - TITLE STATEMENT | |
| Statement of responsibility, etc | Debbie Marie B. Verzosa, Leo Andrei A. Crisologo, Lester C. Hao, Eden Delight P. Miro, Shirlee R. Ocampo, Emellie G. Palomo, Regina M. Tresvalles.-- |
| Title | Teaching guide for Senior High School: |
| Remainder of title | General Mathematics Core Subject |
| 260 ## - PUBLICATION, DISTRIBUTION, ETC. (IMPRINT) | |
| Place of publication, distribution, etc | Quezon City: |
| Name of publisher, distributor, etc | Commision on Higher Education |
| 300 ## - PHYSICAL DESCRIPTION | |
| Extent | 322 pages : |
| Other physical details | graphs |
| 500 ## - GENERAL NOTE | |
| General note | Includes biographical notes |
| 650 ## - SUBJECT ADDED ENTRY--TOPICAL TERM | |
| Topical term or geographic name as entry element | Mathematics -- Study and teaching. |
| Withdrawn status | Lost status | Source of classification or shelving scheme | Damaged status | Home library | Current library | Shelving location | Date acquired | Source of acquisition | Total Checkouts | Full call number | Barcode | Date last seen | Price effective from | Koha item type |
|---|---|---|---|---|---|---|---|---|---|---|---|---|---|---|
| Library of Congress Classification | Southville International School Affiliated with Foreign Universities Library | Southville International School Affiliated with Foreign Universities Library | Southville Foreign University Section | 09/25/2019 | Donation | QA 39 .V574 2016 | SFU0009 | 09/25/2019 | 09/25/2019 | Books |